[Event "94th Tradewise Hastings Congress"]
[Site "Hastings"]
[Date "2019.01.05"]
[Round "9"]
[White "Taylor, Adam C"]
[Black "Rice, Chris B"]
[Result "1-0"]
[WhiteElo "2331"]
[BlackElo "1963"]
[Annotator "NA"]
[PlyCount "107"]
[EventDate "2018.12.28"]
[EventType "swiss"]
[EventCountry "ENG"]
[SourceTitle "playchess.com"]
[Source "ChessBase"]
[SourceQuality "1"]
[TimeControl "40/6000+30:3000+30"]

1. g3 {[%emt 0:05:30]} Nf6 {[%emt 0:00:23]} 2. Nf3 {[%emt 0:00:19]} g6 {[%emt 0:00:08]} 3. c4 {[%emt 0:00:06]} Bg7 {[%emt 0:00:49]} 4. Nc3 {[%emt 0:00:17]} O-O {[%emt 0:00:29]} 5. Bg2 {[%emt 0:00:40]} d6 {[%emt 0:00:58]} 6. d4 {[%emt 0:00:24]} Nc6 {[%emt 0:01:54]} 7. d5 {[%emt 0:05:27]} Na5 {[%emt 0:02:25]} 8. Nd2 {[%emt 0:00:07]} c5 {[%emt 0:01:15]} 9. a3 {[%emt 0:02:42]} Nd7 {[%emt 0:05:21]} 10. Qc2 {[%emt 0:04:29]} Ne5 {[%emt 0:12:54]} 11. b3 {[%emt 0:00:06]} a6 {[%emt 0:02:48]} 12. Rb1 {[%emt 0:00:51]} Qc7 {[%emt 0:11:39]} 13. f4 {[%emt 0:05:22]} Ng4 {[%emt 0:01:23]} 14. Qd3 {[%emt 0:02:43]} Bd4 {[%emt 0:08:26]} 15. Nd1 {[%emt 0:00:51]} b5 {[%emt 0:00:51]} 16. Bb2 {[%emt 0:13:31]} Bxb2 {[%emt 0:05:26]} 17. Nxb2 {[%emt 0:03:03]} Bd7 {[%emt 0:02:25]} 18. O-O {[%emt 0:01:34]} Rab8 {[%emt 0:08:12]} 19. h3 {[%emt 0:01:16]} Nf6 {[%emt 0:01:24]} 20. Qc3 {[%emt 0:04:10]} b4 {[%emt 0:11:12]} 21. axb4 {[%emt 0:00:37]} cxb4 {[%emt 0:00:09]} 22. Qd4 {[%emt 0:02:15]} Nb7 {[%emt 0:01:29]} 23. Nd3 {[%emt 0:03:10]} a5 {[%emt 0:01:19]} 24. e4 {[%emt 0:00:32]} Nc5 {[%emt 0:03:55]} 25. Nxc5 {[%emt 0:11:23]} dxc5 {[%emt 0:00:58]} 26. Qe3 {[%emt 0:00:54]} a4 {[%emt 0:01:03]} 27. e5 {[%emt 0:00:59]} Nh5 {[%emt 0:01:50]} 28. g4 {[%emt 0:00:06]} Ng7 {[%emt 0:00:05]} 29. bxa4 {[%emt 0:11:34]} Bxa4 {[%emt 0:01:24]} 30. Ra1 {[%emt 0:00:06]} Bc2 {[%emt 0:00:46]} 31. Nb3 {[%emt 0:00:53]} Bxb3 {[%emt 0:03:49]} 32. Qxb3 {[%emt 0:00:10]} f6 {[%emt 0:01:06]} 33. Qe3 {[%emt 0:01:50]} Qb6 {[%emt 0:06:50]} 34. d6 {[%emt 0:03:54]} exd6 {[%emt 0:05:37]} 35. Bd5+ {[%emt 0:00:05]} Kh8 {[%emt 0:00:16]} 36. exf6 {[%emt 0:00:04]} Rxf6 {[%emt 0:01:26]} 37. f5 {[%emt 0:05:31]} gxf5 {[%emt 0:04:02]} 38. g5 {[%emt 0:00:01]} Rg6 {[%emt 0:00:24]} 39. Bf7 {[%emt 0:00:36]} Rf8 {[%emt 0:00:36]} 40. h4 {[%emt 0:02:36]} Qd8 {[%emt 0:00:07]} 41. Ra7 {[%emt 0:50:56]} Rxf7 {[%emt 0:05:35]} 42. Rxf7 {[%emt 0:00:00]} h6 {[%emt 0:00:09]} 43. Ra1 {[%emt 0:00:00]} hxg5 {[%emt 0:01:13]} 44. h5 {[%emt 0:00:00]} Re6 {[%emt 0:06:29]} 45. Qf3 {[%emt 0:00:00]} g4 {[%emt 0:00:45]} 46. Ra8 {[%emt 0:00:00]} Re1+ {[%emt 0:00:06]} 47. Kf2 {[%emt 0:00:00]} Re2+ {[%emt 0:00:07]} 48. Kf1 {[%emt 0:00:00]} gxf3 {[%emt 0:01:44]} 49. Rxd8+ {[%emt 0:00:00]} Kh7 {[%emt 0:01:29]} 50. Rdd7 {[%emt 0:00:00]} Rg2 {[%emt 0:00:25]} 51. Rxd6 {[%emt 0:00:00]} Kg8 {[%emt 0:01:01]} 52. Rb7 {[%emt 0:00:00]} b3 {[%emt 0:02:16]} 53. h6 {[%emt 0:00:00]} b2 {[%emt 0:01:30]} 54. hxg7 {[%emt 0:00:00]} 1-0

[Event "94th Tradewise Hastings Congress"]
[Site "Hastings"]
[Date "2019.01.05"]
[Round "9"]
[White "Kalavannan, Koby"]
[Black "Taylor, Adam A"]
[Result "1/2-1/2"]
[WhiteElo "2328"]
[BlackElo "2122"]
[Annotator "TA"]
[PlyCount "116"]
[EventDate "2018.12.28"]
[EventType "swiss"]
[EventCountry "ENG"]
[SourceTitle "playchess.com"]
[Source "ChessBase"]
[SourceQuality "1"]

{[%evp 14,116,52,35,47,-4,12,12,12,19,18,24,22,-7,70,68,118,101,116,118,167,106,256,235,281,161,171,163,191,191,192,208,205,207,189,149,181,181,191,164,170,165,162,135,185,147,162,157,170,121,133,-54,0,-46,160,-77,-56,-68,-81,-1081,-1062,-996,-1079,-1071,-1073,-1070,0,-499,0,-1013,-997,-993,-925,-877,-346,-311,-209,-915,-913,-896,-879,-835,-791,-625,-117,-121,-112,-108,-114,-106,-26,-25,-8,-8,-8,-8,0,-55,0,-28,11,-30,31,0,19]} 1. d4 Nf6 2. Nf3 e6 3. c4 Bb4+ 4. Nbd2 O-O 5. a3 Be7 6. e4 d6 {E11: Bogo-Indian} (6... d5 7. e5 Nfd7 8. Bd3 c5 9. h4 g6 10. O-O Nc6 11. Nb3 dxc4 12. Bxc4 cxd4 13. Re1 a5 14. Bh6 Re8 15. Rc1 Nb6 {1-0 (39) Ding,L (2804)-Saric,I (2689) Batumi 2018}) 7. Bd3 Nbd7 8. b4 {LiveBook: 9 Games} a5 {White is slightly better.} 9. bxa5 $146 (9. Bb2 $14) ({Predecessor:} 9. Rb1 axb4 10. axb4 e5 11. d5 Re8 12. O-O Bf8 13. Nb3 b6 14. Qc2 {½-½ (61) Mueller,L (2204)-Bemmelen Van,U Baku 2016}) 9... e5 10. Nb3 exd4 11. Nfxd4 Nc5 12. Nxc5 dxc5 13. Nb3 Bd7 ({Better is} 13... Qd6 $11) 14. e5 Ne8 15. Be4 Qc8 16. Be3 Bg4 17. Qd2 (17. Qd3 $18) 17... Qe6 (17... Bf5 $16 {keeps fighting.}) 18. Bxb7 $18 Ra7 19. Bd5 (19. a6 $142 $1) 19... Qxe5 20. O-O $1 Nf6 21. Nxc5 {Black must now prevent Nd3.} Bd6 {[%csl Gd6][%cal Re5h2]} 22. f4 Qe7 23. Nb7 Ra6 24. Nxd6 Nxd5 25. cxd5 Qxd6 26. Rfc1 Rd8 27. Rc5 h5 28. Qc3 Rda8 29. Rb1 {aiming for Rb7.} Bf5 30. Rb7 Be4 31. Qd4 (31. Rbxc7 Qg6) 31... Qg6 {[%csl Ge4][%cal Rg6g2] [#]} 32. g3 $2 (32. Qd2 $1 $16) 32... h4 (32... Rxa5 $15 33. Rxa5 (33. Rbxc7 Rxa3 34. Rc4 Bf3 $11) (33. Rcxc7 $2 Rxd5 34. Qc4 Rd1+ 35. Kf2 Bxb7 $19) 33... Rxa5) 33. Rb4 Bf3 $2 (33... Bf5 $15 34. Bf2 (34. Rxc7 hxg3 35. h3 Qh5 $19) 34... hxg3 35. Bxg3 (35. hxg3 Qh5 $17) 35... Rxa5 36. Rxa5 Rxa5) 34. Kf2 $2 (34. Rxc7 hxg3 35. h3 Qh5 $19) (34. f5 $1 $16 {[%cal Rf5g6] is necessary to keep the advantage.} Qxf5 35. Qf4 (35. Qxh4 Bxd5 36. Rcb5 Re6 $14) (35. Rxc7 $2 hxg3 36. Rb6 Rxa5 $19)) 34... hxg3+ $17 35. hxg3 ({Not} 35. Kxf3 $2 gxh2 36. Rc1 Qh5+ 37. Kf2 Qh4+ 38. Ke2 (38. Kg2 $2 h1=Q+ 39. Rxh1 Rg6+ 40. Kf1 Qxh1+ 41. Ke2 Re8 $19) 38... h1=Q $19) 35... Qh5 36. d6 $2 {[%mdl 8192]} (36. Qd3 $17 Rd6 37. Rb7 Bxd5 38. Rxd5 Rxd5 39. Qe2) 36... Qh1 $19 37. Qb2 Rxd6 38. Rc1 Qg2+ 39. Ke1 Qh1+ (39... Qxg3+ $142 40. Qf2 Qh3) 40. Kf2 Qg2+ $40 {[%mdl 128] Black is up to no good.} (40... Bd1 $142 41. Rb8+ Rxb8 42. Qxb8+ Kh7 43. Rxd1 Rxd1) 41. Ke1 {Threatening Qxg2.} Qxg3+ 42. Qf2 Qh3 43. Rd4 Rxd4 $2 (43... Rg6 44. Qf1 Rg2) 44. Bxd4 {intending Rc3.} Re8+ ({Less strong is} 44... Rxa5 45. Rc3 $17) 45. Be3 $2 (45. Kd2) 45... Bh5 46. Kd2 Qd7+ 47. Kc3 Bg6 48. Qd2 Qc6+ $2 (48... Qa4 $19 {and Black stays clearly on top.} 49. Bc5 Rb8) 49. Kb2 $17 Rb8+ 50. Ka1 Qe4 51. Qe1 Qa4 ({Black should try} 51... Rb3 $17 {( -> ...Qa4)} 52. Bc5 Qg2) 52. Bc5 $1 $11 Rb3 53. Qe7 {Qf8+ would kill now.} Rh3 54. Bb4 Qb3 55. Qe2 {[#]} (55. Qd8+ $11 Kh7 56. Qd2) 55... Bf5 (55... c5 $1 $15 {[%mdl 512]} 56. Bxc5 Qa4) 56. Qb2 {Strongly threatening Qxb3.} Qd3 (56... Qa4 $5 {[%cal Rh3b3]}) 57. Bc3 Qe3 (57... Qd6 $11) 58. Qd2 {Threatens to win with Qxe3.} Qxd2 {Precision: White = 32%, Black = 38%.} 1/2-1/2

[Event "94th Tradewise Hastings Congress"]
[Site "Hastings"]
[Date "2019.01.05"]
[Round "9"]
[White "Peek, Marcel"]
[Black "Snape, Ian L"]
[Result "1/2-1/2"]
[WhiteElo "2293"]
[BlackElo "2112"]
[Annotator "NA"]
[PlyCount "66"]
[EventDate "2018.12.28"]
[EventType "swiss"]
[EventCountry "ENG"]
[SourceTitle "playchess.com"]
[Source "ChessBase"]
[SourceQuality "1"]
[TimeControl "40/6000+30:3000+30"]

1. d4 {[%emt 0:00:00]} c5 {[%emt 0:00:00]} 2. d5 {[%emt 0:00:00]} g6 {[%emt 0:00:00]} 3. e4 {[%emt 0:00:01]} d6 {[%emt 0:00:00]} 4. c4 {[%emt 0:00:31]} Nf6 {[%emt 0:00:10]} 5. Nc3 {[%emt 0:00:07]} Bg7 {[%emt 0:00:04]} 6. Nf3 {[%emt 0:00:24]} O-O {[%emt 0:00:19]} 7. Be2 {[%emt 0:01:58]} e6 {[%emt 0:00:17]} 8. h3 {[%emt 0:00:51]} exd5 {[%emt 0:00:08]} 9. exd5 {[%emt 0:00:09]} a6 {[%emt 0:00:25]} 10. a4 {[%emt 0:04:03]} Nbd7 {[%emt 0:00:11]} 11. O-O {[%emt 0:01:16]} h6 {[%emt 0:00:59]} 12. Ne1 {[%emt 0:18:40]} Re8 {[%emt 0:07:07]} 13. Bf4 {[%emt 0:13:47]} Nf8 {[%emt 0:06:38]} 14. Bh2 {[%emt 0:06:18]} Ne4 {[%emt 0:07:50]} 15. Nxe4 {[%emt 0:01:15]} Rxe4 {[%emt 0:00:06]} 16. Bd3 {[%emt 0:00:09]} Re8 {[%emt 0:01:59]} 17. Rb1 {[%emt 0:02:52]} f5 {[%emt 0:05:32]} 18. Qc2 {[%emt 0:03:24]} Qf6 {[%emt 0:03:31]} 19. f4 {[%emt 0:00:22]} a5 {[%emt 0:09:15]} 20. Nf3 {[%emt 0:02:59]} Bd7 {[%emt 0:07:57]} 21. Bg3 {[%emt 0:01:51]} Nh7 {[%emt 0:05:31]} 22. Be1 {[%emt 0:03:40]} Qd8 {[%emt 0:02:57]} 23. b3 {[%emt 0:06:20]} Qf6 {[%emt 0:03:02]} 24. Kh1 {[%emt 0:04:13]} b6 {[%emt 0:00:34]} 25. Bd2 {[%emt 0:04:18]} Re7 {[%emt 0:02:00]} 26. Rbe1 {[%emt 0:05:02]} Rae8 {[%emt 0:00:30]} 27. Qd1 {[%emt 0:01:30]} Qf7 {[%emt 0:02:35]} 28. Rxe7 {[%emt 0:03:19]} Rxe7 {[%emt 0:00:11]} 29. Re1 {[%emt 0:00:24]} Nf6 {[%emt 0:00:52]} 30. Rxe7 {[%emt 0:00:31]} Qxe7 {[%emt 0:00:06]} 31. Qe1 {[%emt 0:00:12]} Ne4 {[%emt 0:01:09]} 32. Kh2 {[%emt 0:01:31]} Bf6 {[%emt 0:01:42]} 33. g3 {[%emt 0:01:32]} Kf7 {[%emt 0:05:03]} 1/2-1/2

[Event "94th Tradewise Hastings Congress"]
[Site "Hastings"]
[Date "2019.01.05"]
[Round "9"]
[White "Stefansson, Vignir Vatnar"]
[Black "Murphy, Conor E"]
[Result "1/2-1/2"]
[WhiteElo "2266"]
[BlackElo "2331"]
[Annotator "NA"]
[PlyCount "108"]
[EventDate "2018.12.28"]
[EventType "swiss"]
[EventCountry "ENG"]
[SourceTitle "playchess.com"]
[Source "ChessBase"]
[SourceQuality "1"]
[TimeControl "40/6000+30:3000+30"]

1. d4 {[%emt 0:00:00]} d5 {[%emt 0:03:38]} 2. c4 {[%emt 0:00:00]} e6 {[%emt 0:00:04]} 3. Nc3 {[%emt 0:00:00]} Nf6 {[%emt 0:00:22]} 4. Nf3 {[%emt 0:00:00]} Be7 {[%emt 0:00:18]} 5. Bf4 {[%emt 0:00:10]} O-O {[%emt 0:00:08]} 6. e3 {[%emt 0:00:07]} b6 {[%emt 0:00:09]} 7. cxd5 {[%emt 0:07:55]} Nxd5 {[%emt 0:00:26]} 8. Nxd5 {[%emt 0:03:11]} Qxd5 {[%emt 0:00:15]} 9. a3 {[%emt 0:00:13]} c5 {[%emt 0:01:54]} 10. dxc5 {[%emt 0:02:44]} Qxc5 {[%emt 0:00:56]} 11. Be2 {[%emt 0:12:21]} Rd8 {[%emt 0:06:17]} 12. Qc1 {[%emt 0:01:34]} Ba6 {[%emt 0:04:01]} 13. Qxc5 {[%emt 0:22:13]} Bxc5 {[%emt 0:01:02]} 14. b4 {[%emt 0:07:54]} Be7 {[%emt 0:08:29]} 15. Rc1 {[%emt 0:07:08]} Bf6 {[%emt 0:11:48]} 16. Bxb8 {[%emt 0:12:52]} Bxe2 {[%emt 0:00:25]} 17. Bc7 {[%emt 0:02:03]} Bxf3 {[%emt 0:02:11]} 18. Bxd8 {[%emt 0:00:42]} Bxg2 {[%emt 0:01:17]} 19. Rg1 {[%emt 0:00:08]} Bb2 {[%emt 0:11:43]} 20. Rc2 {[%emt 0:08:16]} Bxa3 {[%emt 0:16:49]} 21. Be7 {[%emt 0:00:18]} Bd5 {[%emt 0:10:13]} 22. Rc3 {[%emt 0:11:45]} Bb2 {[%emt 0:00:45]} 23. Rc2 {[%emt 0:00:01]} Re8 {[%emt 0:05:41]} 24. Ke2 {[%emt 0:02:51]} f5 {[%emt 0:01:01]} 25. Bd6 {[%emt 0:02:49]} Bf6 {[%emt 0:02:24]} 26. Rgc1 {[%emt 0:00:13]} g5 {[%emt 0:10:30]} 27. Rc8 {[%emt 0:00:06]} Rxc8 {[%emt 0:00:10]} 28. Rxc8+ {[%emt 0:00:02]} Kf7 {[%emt 0:00:16]} 29. b5 {[%emt 0:01:28]} e5 {[%emt 0:02:30]} 30. Bb8 {[%emt 0:00:31]} Bb3 {[%emt 0:00:50]} 31. Bxa7 {[%emt 0:01:33]} Ba4 {[%emt 0:00:11]} 32. Bxb6 {[%emt 0:00:14]} Bxb5+ {[%emt 0:00:04]} 33. Kf3 {[%emt 0:00:14]} Bf1 {[%emt 0:00:46]} 34. Rc1 {[%emt 0:01:28]} e4+ {[%emt 0:06:06]} 35. Kg3 {[%emt 0:00:01]} Be5+ {[%emt 0:00:34]} 36. f4 {[%emt 0:00:05]} exf3+ {[%emt 0:00:06]} 37. Kxf3 {[%emt 0:00:10]} Bd3 {[%emt 0:00:23]} 38. Bc7 {[%emt 0:00:33]} Be4+ {[%emt 0:00:11]} 39. Kf2 {[%emt 0:00:08]} Bxc7 {[%emt 0:01:15]} 40. Rxc7+ {[%emt 0:00:01]} Kg6 {[%emt 0:00:06]} 41. Kg3 {[%emt 0:51:03]} h6 {[%emt 0:52:31]} 42. Ra7 {[%emt 0:00:00]} Bd3 {[%emt 0:00:00]} 43. Rb7 {[%emt 0:00:00]} Be4 {[%emt 0:00:00]} 44. Rb6+ {[%emt 0:00:00]} Kg7 {[%emt 0:00:00]} 45. h4 {[%emt 0:00:00]} Bd3 {[%emt 0:00:00]} 46. Rd6 {[%emt 0:00:00]} Bc2 {[%emt 0:00:00]} 47. h5 {[%emt 0:00:00]} Be4 {[%emt 0:00:00]} 48. Kf2 {[%emt 0:00:00]} Bc2 {[%emt 0:00:00]} 49. Rd7+ {[%emt 0:00:00]} Kg8 {[%emt 0:00:00]} 50. Ke2 {[%emt 0:00:00]} Bb3 {[%emt 0:00:00]} 51. Kd2 {[%emt 0:00:00]} Bf7 {[%emt 0:00:00]} 52. Rd6 {[%emt 0:00:00]} Kg7 {[%emt 0:00:00]} 53. Rd7 {[%emt 0:00:00]} Kf6 {[%emt 0:00:00]} 54. Rd6+ {[%emt 0:00:00]} Ke5 1/2-1/2

[Event "94th Tradewise Hastings Congress"]
[Site "Hastings"]
[Date "2019.01.05"]
[Round "9"]
[White "Moore, Graham J"]
[Black "Ratnesan, Ranesh"]
[Result "1-0"]
[WhiteElo "2235"]
[BlackElo "2055"]
[Annotator "NA"]
[PlyCount "59"]
[EventDate "2018.12.28"]
[EventType "swiss"]
[EventCountry "ENG"]
[SourceTitle "playchess.com"]
[Source "ChessBase"]
[SourceQuality "1"]
[TimeControl "40/6000+30:3000+30"]

1. e4 {[%emt 0:00:00]} c5 {[%emt 0:00:00]} 2. Nf3 {[%emt 0:00:00]} d6 {[%emt 0:00:00]} 3. d4 {[%emt 0:00:00]} cxd4 {[%emt 0:00:04]} 4. Nxd4 {[%emt 0:00:00]} Nf6 {[%emt 0:00:21]} 5. Nc3 {[%emt 0:00:00]} a6 {[%emt 0:00:07]} 6. h3 {[%emt 0:01:55]} e5 {[%emt 0:00:10]} 7. Nde2 {[%emt 0:00:06]} h5 {[%emt 0:00:43]} 8. Bg5 {[%emt 0:00:31]} Nbd7 {[%emt 0:02:49]} 9. Ng3 {[%emt 0:01:36]} Qc7 {[%emt 0:08:55]} 10. Nf5 {[%emt 0:02:00]} b5 {[%emt 0:08:38]} 11. Ne3 {[%emt 0:14:00]} Bb7 {[%emt 0:09:11]} 12. a4 {[%emt 0:01:37]} b4 {[%emt 0:17:17]} 13. Ncd5 {[%emt 0:00:32]} Nxd5 {[%emt 0:01:05]} 14. exd5 {[%emt 0:01:54]} a5 {[%emt 0:16:36]} 15. Bd3 {[%emt 0:05:19]} Be7 {[%emt 0:04:36]} 16. Bxe7 {[%emt 0:01:47]} Kxe7 {[%emt 0:00:09]} 17. O-O {[%emt 0:03:19]} Kf8 {[%emt 0:04:41]} 18. c3 {[%emt 0:02:30]} bxc3 {[%emt 0:03:53]} 19. Rc1 {[%emt 0:01:24]} g6 {[%emt 0:00:39]} 20. Rxc3 {[%emt 0:00:13]} Nc5 {[%emt 0:01:55]} 21. f4 {[%emt 0:04:06]} exf4 {[%emt 0:05:01]} 22. Rxf4 {[%emt 0:00:15]} Kg7 {[%emt 0:00:44]} 23. Bb5 {[%emt 0:05:20]} Bc8 {[%emt 0:03:06]} 24. Qd4+ {[%emt 0:02:44]} Kg8 {[%emt 0:01:06]} 25. Qf6 {[%emt 0:01:33]} Rh7 {[%emt 0:03:06]} 26. Nc4 {[%emt 0:01:10]} Nb7 {[%emt 0:01:58]} 27. Kh1 {[%emt 0:01:04]} Rg7 {[%emt 0:05:07]} 28. Bc6 {[%emt 0:05:10]} Ra6 {[%emt 0:02:08]} 29. Re4 {[%emt 0:02:39]} Ra7 {[%emt 0:06:38]} 30. Re7 {[%emt 0:00:38]} 1-0

[Event "94th Tradewise Hastings Congress"]
[Site "Hastings"]
[Date "2019.01.05"]
[Round "9"]
[White "Willow, Jonah B"]
[Black "Gu, In Jung"]
[Result "1-0"]
[WhiteElo "2218"]
[BlackElo "1794"]
[Annotator "NA"]
[PlyCount "87"]
[EventDate "2018.12.28"]
[EventType "swiss"]
[EventCountry "ENG"]
[SourceTitle "playchess.com"]
[Source "ChessBase"]
[SourceQuality "1"]
[TimeControl "40/6000+30:3000+30"]

1. Nc3 {[%emt 0:00:00]} g6 {[%emt 0:05:12]} 2. e4 {[%emt 0:00:36]} Bg7 {[%emt 0:00:06]} 3. d4 {[%emt 0:00:04]} d6 {[%emt 0:00:11]} 4. f4 {[%emt 0:00:04]} a6 {[%emt 0:00:04]} 5. Nf3 {[%emt 0:00:10]} b5 {[%emt 0:00:06]} 6. Bd3 {[%emt 0:00:34]} Bb7 {[%emt 0:02:52]} 7. O-O {[%emt 0:01:33]} Nd7 {[%emt 0:04:31]} 8. e5 {[%emt 0:11:24]} e6 {[%emt 0:02:43]} 9. Ne4 {[%emt 0:02:06]} Bxe4 {[%emt 0:01:07]} 10. Bxe4 {[%emt 0:00:06]} d5 {[%emt 0:00:02]} 11. Bd3 {[%emt 0:00:06]} c5 {[%emt 0:00:02]} 12. dxc5 {[%emt 0:04:01]} Nxc5 {[%emt 0:00:40]} 13. Be3 {[%emt 0:00:33]} Nxd3 {[%emt 0:10:17]} 14. Qxd3 {[%emt 0:00:23]} Ne7 {[%emt 0:07:17]} 15. a4 {[%emt 0:00:50]} b4 {[%emt 0:06:48]} 16. a5 {[%emt 0:13:42]} Qd7 {[%emt 0:06:27]} 17. Bc5 {[%emt 0:02:51]} Nc6 {[%emt 0:01:12]} 18. Kh1 {[%emt 0:11:56]} Bf8 {[%emt 0:00:59]} 19. Bxf8 {[%emt 0:01:07]} Kxf8 {[%emt 0:00:49]} 20. Nd2 {[%emt 0:00:12]} h5 {[%emt 0:03:39]} 21. Nc4 {[%emt 0:10:43]} Qd8 {[%emt 0:05:04]} 22. Nb6 {[%emt 0:04:49]} Ra7 {[%emt 0:00:52]} 23. Qe3 {[%emt 0:02:56]} Kg7 {[%emt 0:05:22]} 24. Qc5 {[%emt 0:05:54]} Qc7 {[%emt 0:08:27]} 25. c3 {[%emt 0:07:06]} bxc3 {[%emt 0:00:57]} 26. Qxc3 {[%emt 0:00:26]} Ne7 {[%emt 0:06:27]} 27. Rac1 {[%emt 0:00:47]} Qxc3 {[%emt 0:03:02]} 28. Rxc3 {[%emt 0:00:06]} Rd8 {[%emt 0:00:35]} 29. Rfc1 {[%emt 0:01:43]} Nf5 {[%emt 0:01:52]} 30. Kg1 {[%emt 0:02:12]} Nd4 {[%emt 0:04:04]} 31. Kf2 {[%emt 0:00:48]} Nb5 {[%emt 0:00:27]} 32. Rc8 {[%emt 0:06:41]} Rxc8 {[%emt 0:04:04]} 33. Rxc8 {[%emt 0:00:02]} Rc7 {[%emt 0:01:41]} 34. Rxc7 {[%emt 0:00:21]} Nxc7 {[%emt 0:00:02]} 35. Nd7 {[%emt 0:00:05]} g5 {[%emt 0:10:35]} 36. fxg5 {[%emt 0:02:42]} Kg6 {[%emt 0:00:06]} 37. h4 {[%emt 0:00:03]} Kf5 {[%emt 0:00:08]} 38. Kf3 {[%emt 0:00:39]} Nb5 {[%emt 0:00:13]} 39. Ke3 {[%emt 0:06:06]} Kg4 {[%emt 0:01:12]} 40. Nf8 {[%emt 0:00:49]} Nc7 {[%emt 0:07:47]} 41. b4 {[%emt 1:02:19]} Kxh4 {[%emt 0:14:08]} 42. g6 {[%emt 0:00:00]} fxg6 {[%emt 0:01:19]} 43. Kf4 {[%emt 0:02:38]} g5+ {[%emt 0:03:30] Ke4 [%emt 00:00:52]} 44. Kf3 {[%emt 0:00:00]} 1-0

[Event "94th Tradewise Hastings Congress"]
[Site "Hastings"]
[Date "2019.01.05"]
[Round "9"]
[White "Graham, David B"]
[Black "Larsen, Andreas"]
[Result "1-0"]
[WhiteElo "2208"]
[BlackElo "1933"]
[Annotator "NA"]
[PlyCount "125"]
[EventDate "2018.12.28"]
[EventType "swiss"]
[EventCountry "ENG"]
[SourceTitle "playchess.com"]
[Source "ChessBase"]
[SourceQuality "1"]
[TimeControl "40/6000+30:3000+30"]

1. e4 {[%emt 0:00:00]} Nc6 {[%emt 0:00:00]} 2. d4 {[%emt 0:00:00]} d5 {[%emt 0:00:00]} 3. e5 {[%emt 0:01:13]} Bf5 {[%emt 0:00:00]} 4. Nf3 {[%emt 0:00:12]} e6 {[%emt 0:03:48]} 5. Be2 {[%emt 0:00:06]} f6 {[%emt 0:01:28]} 6. O-O {[%emt 0:06:46]} fxe5 {[%emt 0:05:41]} 7. dxe5 {[%emt 0:00:04]} Bc5 {[%emt 0:00:43]} 8. Nbd2 {[%emt 0:01:21]} Nb4 {[%emt 0:14:01]} 9. Ne1 {[%emt 0:07:43]} Ne7 {[%emt 0:05:17]} 10. Nb3 {[%emt 0:01:37]} Bb6 {[%emt 0:01:12]} 11. c3 {[%emt 0:05:25]} Na6 {[%emt 0:05:51]} 12. a4 {[%emt 0:05:34]} c5 {[%emt 0:07:35]} 13. a5 {[%emt 0:02:31]} Bc7 {[%emt 0:02:12]} 14. Bxa6 {[%emt 0:00:20]} bxa6 {[%emt 0:00:06]} 15. Nxc5 {[%emt 0:00:14]} Bxe5 {[%emt 0:11:59]} 16. Qa4+ {[%emt 0:00:28]} Kf7 {[%emt 0:00:40]} 17. Nf3 {[%emt 0:00:54]} Bf6 {[%emt 0:04:41]} 18. Be3 {[%emt 0:15:10]} h6 {[%emt 0:15:09]} 19. Rfd1 {[%emt 0:01:41]} Rc8 {[%emt 0:02:43]} 20. Nxa6 {[%emt 0:04:53]} Qd6 {[%emt 0:01:02]} 21. Qb5 {[%emt 0:09:09]} Bg4 {[%emt 0:03:50]} 22. Qb4 {[%emt 0:12:53]} Qxa6 {[%emt 0:01:41]} 23. Qxg4 {[%emt 0:00:04]} Nf5 {[%emt 0:02:27]} 24. Bd4 {[%emt 0:04:44]} Nxd4 {[%emt 0:06:29]} 25. Nxd4 {[%emt 0:01:12]} Rhe8 {[%emt 0:00:41]} 26. Qe2 {[%emt 0:02:19]} Qxe2 {[%emt 0:02:58]} 27. Nxe2 {[%emt 0:00:03]} Rb8 {[%emt 0:00:05]} 28. b4 {[%emt 0:02:46]} Rec8 {[%emt 0:00:16]} 29. Ra3 {[%emt 0:00:17]} Rc4 {[%emt 0:00:19]} 30. f3 {[%emt 0:07:08]} Rbc8 {[%emt 0:07:31]} 31. Rd3 {[%emt 0:00:42]} Ke7 {[%emt 0:00:13]} 32. Kf2 {[%emt 0:01:34]} Kd6 {[%emt 0:00:15]} 33. g3 {[%emt 0:01:48]} Kc6 {[%emt 0:00:17]} 34. Nf4 {[%emt 0:01:44]} Kb5 {[%emt 0:00:23]} 35. Nxe6 {[%emt 0:07:41]} Rxc3 {[%emt 0:00:41]} 36. Rxd5+ {[%emt 0:01:29]} Kxb4 {[%emt 0:00:12]} 37. Rxc3 {[%emt 0:00:17]} Rxc3 {[%emt 0:00:45]} 38. Rd7 {[%emt 0:02:06]} Kxa5 {[%emt 0:00:27]} 39. Rxa7+ {[%emt 0:00:16]} Kb5 {[%emt 0:01:03]} 40. Rf7 {[%emt 0:00:25]} Rc2+ {[%emt 0:00:53]} 41. Kg1 {[%emt 0:51:46]} Kc4 {[%emt 0:07:01]} 42. Nxg7 {[%emt 0:00:00]} Bd4+ {[%emt 0:00:17]} 43. Kh1 {[%emt 0:00:00]} Kd5 {[%emt 0:02:21]} 44. Nf5 {[%emt 0:00:00]} Rc1+ {[%emt 0:00:18]} 45. Kg2 {[%emt 0:00:00]} Rc2+ {[%emt 0:00:05]} 46. Kh3 {[%emt 0:00:00]} Bg1 {[%emt 0:00:15]} 47. Kg4 {[%emt 0:00:00]} Rxh2 {[%emt 0:01:52]} 48. Rh7 {[%emt 0:00:00]} Ke6 {[%emt 0:03:33]} 49. Rxh6+ {[%emt 0:00:00]} Rxh6 {[%emt 0:00:07]} 50. Nxh6 {[%emt 0:00:00]} Kf6 {[%emt 0:00:08]} 51. Nf5 {[%emt 0:00:00]} Bc5 {[%emt 0:00:28]} 52. Nh4 {[%emt 0:00:00]} Ba3 {[%emt 0:00:21]} 53. Ng2 {[%emt 0:00:00]} Bb2 {[%emt 0:00:29]} 54. f4 {[%emt 0:00:00]} Bc3 {[%emt 0:00:32]} 55. Kf3 {[%emt 0:00:00]} Bb2 {[%emt 0:00:12]} 56. g4 {[%emt 0:00:00]} Bc3 {[%emt 0:00:28]} 57. g5+ {[%emt 0:00:00]} Kg6 {[%emt 0:00:22]} 58. Kg4 {[%emt 0:00:00]} Bb2 {[%emt 0:00:29]} 59. f5+ {[%emt 0:00:00]} Kg7 {[%emt 0:00:07]} 60. Nf4 {[%emt 0:00:00]} Bc3 {[%emt 0:00:25]} 61. f6+ {[%emt 0:00:00]} Kf7 {[%emt 0:00:43]} 62. Kf5 {[%emt 0:00:00]} Kg8 {[%emt 0:01:16]} 63. g6 {[%emt 0:00:00]} 1-0